000 00872nam a2200229 a 4500
001 38642
003 BD-RjUL
005 20211209052831.0
008 160130s1995 bg ||||| |||| 00| 0 ben d
020 _a9844012115
035 _a(BD-RjUL)38750
040 _aBD-RjUL
_bben
_cBD-RjUL
041 _aben
082 _a954.9205
_bHAM 1995
100 _aহক, আবুল কাসেম ফজলুল
_9119259
245 _aমুুক্তিসংগ্রাম /
_cআবুল কাসেম ফজলুল হক
260 _aঢাকা :
_bআগামী প্রকাশনী,
_c১৯৯৫.
300 _a৩১৯ পৃ. ;
_c২২ সেমি.
650 _aবাংলাদেশ
_xইতিহাস
_9118698
_yমুক্তি বিপ্লব, ১৯৭১
650 _aBangladesh
_xHistory
_9118699
_yRevolution, 1971
942 _2ddc
_cBK
999 _c38642
_d38642